00363nam a2200085Ia 4500008004100000245011600041260000900157300009100166650002000257180130s9999 xx 000 0 und d cWagner, Eric F.; Hospital, Michelle M.; Sobell, Mark B.; Sobell, Linda C.aSubstance-related disorders: alcohol c2014 aBook title: Adult psychopathology and diagnosis--Acession number C20776; pages 641-672 aPSYCHOPATHOLOGY